00382pab a2200133 454500008004000000100002000040245006000060260000900120300001100129362000900140650004800149700001800197773003300215180718b1989 xxu||||| |||| 00| 0 eng d aRamabrahmam, I. aNew structures of panchayati rajbIssues and challenges c1989 a125-34 aMar. aVillage Panchayats - India - Andhra Pradesh aS.N. Ambedkar aJournal of Rural Development